Joueurs Français en Ligue des Champions - Statistiques

Statistiques générales
  • Ce quiz a été pris 126 fois
  • Le résultat moyen est 34 sur 61
Statistiques - réponses
Club
Poste
Joueur % Correct
Real Madrid CF BU/AG Kylian Mbappé
100%
Paris Saint-Germain AT Ousmane Dembélé
100%
Real Madrid CF MDC Aurélien Tchouaméni
98%
Paris Saint-Germain AD Désiré Doué
98%
Real Madrid CF MC Eduardo Camavinga
98%
Paris Saint-Germain GK Lucas Chevalier
98%
Paris Saint-Germain AG Bradley Barcola
97%
Juventus de Turin MC Khéphren Thuram
97%
Inter Milan BU Marcus Thuram
97%
FC Barcelone DD Jules Koundé
96%
Liverpool FC BU Hugo Ekitiké
95%
FC Bayern Munich AD/MOC Michael Olise
95%
Arsenal FC DC William Saliba
95%
FC Bayern Munich DC Dayot Upamecano
94%
Liverpool FC DC Ibrahima Konaté
94%
Manchester City FC MOC/AD Rayan Cherki
94%
Paris Saint-Germain DC/DG Lucas Hernández
92%
Paris Saint-Germain MC Warren Zaïre-Emery
92%
AS Monaco AD/MOC Maghnes Akliouche
88%
Chelsea FC DD Malo Gusto
87%
Tottenham Hotspurs BU Randal Kolo Muani
83%
Paris Saint-Germain MC/MOC/BU Senny Mayulu
81%
Atlético Madrid AT/BU/MOC Antoine Griezmann
80%
Olympique de Marseille DC/DD Benjamin Pavard
79%
Real Madrid CF DG Ferland Mendy
77%
Chelsea FC DC Wesley Fofana
76%
Tottenham Hotspurs BU Mathys Tel
70%
Juventus de Turin DC/DD Pierre Kalulu
70%
Chelsea FC DC Benoît Badiashile
66%
Chelsea FC DC Axel Disasi
62%
Paris Saint-Germain AG Ibrahim Mbaye
59%
FC Bayern Munich DD Sacha Boey
54%
Atlético Madrid DC Clément Lenglet
53%
AS Monaco MC Paul Pogba
49%
Tottenham Hotspurs BU Wilson Odobert
46%
Eintracht Francfort BU Elye Wahi
44%
Olympique de Marseille BU Robinio Vaz
44%
Bayer Leverkusen DC Loïc Badé
42%
Bayer Leverkusen AG/BU Martin Terrier
42%
Olympique de Marseille BU Neal Maupay
38%
Paris Saint-Germain AG Quentin Ndjantou
31%
Eintracht Francfort AG Jean-Mattéo Bahoya
30%
Bayer Leverkusen DC Axel Tape
23%
Olympique de Marseille MOC Darryl Bakola
21%
Paris Saint-Germain DC Noham Kamara
21%
Inter Milan MC Andy Diouf
20%
AS Monaco DC Christian Mawissa
19%
Bayer Leverkusen DC Jeanuël Belocian
17%
PSV Eindhoven BU Alassane Pléa
14%
Olympiakos le Pirée MOC Rémy Cabella
14%
FC Copenhague DG Yoram Zague
14%
AS Monaco DG Kassoum Ouattara
12%
AS Monaco MC Mamadou Coulibaly
9%
Villarreal CF DC Willy Kambwala
9%
PSV Eindhoven DD Kiliann Sildilla
8%
Club Bruges KV AG Mamadou Diakhon
8%
AS Monaco MDC Aladji Bamba
7%
Olympiakos le Pirée DG Giulian Biancone
6%
AS Monaco AG Lucas Michal
6%
Inter Milan MC Issiaka Kamate
2%
Qarabag FK AG Abdellah Zoubir
1%
Aucun quiz correspondant
Distribution des résultats
% des personnes avec chaque résultat
Percentile par nombre de réponses
Votre historique - résultats
Vous n’avez pas pris ce quiz